|
|
|
|
| LEADER |
00000nab a2200000 a 4500 |
| 001 |
vtls000199713 |
| 003 |
SK-MaSNL |
| 005 |
20260426100658.0 |
| 008 |
250422c1984 xo 0 slo |
| 015 |
|
|
|a SNBRB19rr/mm-uuuuu
|
| 035 |
|
|
|a CL0209826
|
| 035 |
|
|
|a urn:nbn:sk:snk-ab1mb1
|
| 035 |
|
|
|a (urnnbn)urn:nbn:sk:snk:ar-004j5e
|
| 035 |
|
|
|a (uuid)e352622a-1f31-414c-898c-846fe3abf11b
|
| 040 |
|
|
|a SNKBUCL
|b slo
|c SNKBUCL
|e AACR2
|
| 041 |
0 |
|
|a slo
|
| 044 |
|
|
|a xo
|c SK
|
| 080 |
|
|
|a 801.18:802.0
|2 1981
|
| 080 |
|
|
|a 802.0
|2 1981
|
| 100 |
1 |
|
|a Štofa, Ján,
|d 1937-
|4 aut
|9 5579
|
| 245 |
1 |
0 |
|a Anglické skratky v elektrotechnike
|c Ján Štofa ; Jozef Jarošek
|
| 650 |
0 |
7 |
|a angličtina
|2 snkbucl
|9 1260
|
| 650 |
0 |
7 |
|a skratky
|2 snkbucl
|9 23481
|
| 650 |
0 |
7 |
|a elektrotechnika
|2 snkbucl
|9 3619
|
| 655 |
|
7 |
|a články z novín a časopisov
|2 snkbucl
|9 267496
|
| 700 |
1 |
|
|a Jarošek, Jozef,
|d 1921-2014
|4 aut
|9 37296
|
| 773 |
0 |
|
|t Kultúra slova
|g Roč. 18, č. 5 (1984), s. 179-182
|
| 787 |
0 |
8 |
|i Rec.:
|a Jarošek, Jozef
|t Prehľad anglických skratiek v elektrotechnike
|d Bratislava : Alfa., 1982
|
| 850 |
|
|
|a Slovenská národná knižnica
|
| 852 |
|
|
|a Slovenská národná knižnica
|
| 954 |
|
|
|a odborná, vedecká literatúra pôvodná (slovenská)
|2 lita
|
| 958 |
|
|
|a article27
|
| 958 |
|
|
|a OND
|
| 958 |
|
|
|a RK
|
| 958 |
|
|
|a EUIPO
|
| 992 |
|
|
|a RBX
|
| 999 |
|
|
|c 3204213
|d 3206143
|